000 00594nam a2200181 i 4500
001 80740
003 ES-MaACL
005 20230906174303.0
007 t|
008 041029s1919 xxu ||||1| eng d
100 1 _aHolmes, W. H.
_964063
245 1 0 _aHandbook of Aboriginal American Antiquities /
_cby W.H. Holmes, Bureau of American Ethnology.
260 _aWashington :
_bGovernment Printing Office,
_c1919.
300 _aXVII, 380 p. :
_bil. ;
_c24 cm.
500 _aEs el t. I.
710 2 _aSmithsonian Institution.
_bBureau of American Ethnology.
_96625
852 _aES-MaACL
_jG-15411
999 _c80740
_d80740